Thực tập mỹ thuật 2

Gorde:
Xehetasun bibliografikoak
Egile nagusia: Hồ Thị Huyền
Erakunde egilea: Trường Đại học Đồng Tháp
Formatua: Liburua
Argitaratua: Đồng Tháp
Gaiak:
Etiketak: Etiketa erantsi
Etiketarik gabe, Izan zaitez lehena erregistro honi etiketa jartzen!
Thư viện lưu trữ: Trung tâm Học liệu Lê Vũ Hùng, Trường Đại học Đồng Tháp
LEADER 00735pam a22002418a 4500
001 00038348
005 20171026081023.0
008 170515s ||||||Viesd
041 0 # |a Vie 
082 1 4 |a 701  |b TH552T 
100 1 # |a Hồ Thị Huyền 
110 1 # |a Trường Đại học Đồng Tháp 
245 1 0 |a Thực tập mỹ thuật 2  |c Hồ Thị Huyền 
260 # # |a Đồng Tháp 
300 # # |a 40tr. 
653 # # |a Mỹ thuật 
653 # # |a Thực tập 
852 # # |b Kho mượn  |j KM.0021637 
852 # # |b Kho đọc  |j KD.0020589 
852 # # |j KD.0020589  |j KM.0021637 
910 |d 15/05/2017 
980 # # |a Trung tâm Học liệu Lê Vũ Hùng, Trường Đại học Đồng Tháp